000 00954nam a22003257a 4500
001 0005689
003 KOHA_MİRAKIL
005 20260207001454.0
007 ta
008 090619b2001 tu |||gr||||#0|||0|tur |
020 _c0,01
040 _aTR-BiSEU
_btur
_cTR-BiSEU
_erda
041 0 _atur
044 _ctu
050 _aDR592
_b.B37 2001
100 1 _aBaran, Kamran.
245 1 _aÇağdaş demokratik ve laik Türkiye için Atatürkçü direnişimiz/
_cKamran Baran ; Kamran Baran.
250 _a2. bs.
264 1 _aİstanbul :
_bMustafa Kemal Derneği
_c2001
300 _a204 sayfa
336 _ametin
_btxt
_2rdacontent
337 _aaracısız
_bn
_2rdamedia
338 _acilt
_bnc
_2rdacarrier
490 1 _aMustafa Kemal Derneği yayınları ;
_v 7.
650 0 _aKemalism.
_97013
650 0 _aAtatürkçülük.
_96730
830 1 _aMustafa Kemal Derneği yayınları ;
_v 7.
_913754
907 _aTarih
942 _2lcc
_cBK
999 _c5670
_d5670